| 000 | 00826nam a22002537a 4500 | ||
|---|---|---|---|
| 005 | 20121203105620.0 | ||
| 008 | 121203t xxu||||| |||| 00| 0 eng d | ||
| 010 | _aENG-106323 | ||
| 020 |
_a9788182093225 _c395.00 |
||
| 020 |
_a8182093228 _c395.00 |
||
| 035 | _aEN-89856 | ||
| 037 | _bDBAD/PUB | ||
| 040 |
_aDPL _bEng |
||
| 082 | _a658.15 | ||
| 100 |
_aPeriasamy, P. _953977 |
||
| 245 |
_aFinancial management / _cby P. Periasamy |
||
| 250 | _a3rd ed | ||
| 260 |
_aNew Delhi _bTata MaGraw Hill _c2011 |
||
| 270 |
_a7, West Patel Nagar _bNew Delhi _e110008 |
||
| 300 |
_aVarious pagings _c24cm(pbk) |
||
| 500 | _aIncludes index | ||
| 942 |
_2ddc _cEN _mPER _h658.15 |
||
| 999 |
_c71765 _d71765 |
||